000 005210000a22001930004500
001 003126
003 MACL
005 20150710164752.0
008 150710b xxu||||| |||| 00| 0 eng d
040 _aMACL
_cMACL
041 _aEnglish
082 _a320/DAS
100 _aDas, Asitabha
_91680
245 _aFreedom Movement Of India
_bA Chronological Dictionary (1757 To 1947)
_cAsitabha Das
260 _aKolkata
_c2002
_bKishaloy Prakashan,
350 _a300
650 _aPolitical Science
_988
942 _k320
_cBK
_2ddc
999 _c15032
_d15032